SARASWATI INFORMATICS PRACTICES (Record no. 567)
[ view plain ]
| 000 -LEADER | |
|---|---|
| fixed length control field | 00371nam a22001337a 4500 |
| 020 ## - INTERNATIONAL STANDARD BOOK NUMBER | |
| ISBN | 81-7335-0280-0 |
| 082 ## - DEWEY DECIMAL CLASSIFICATION NUMBER | |
| Classification number | 000 |
| Item number | SAH/I |
| 100 ## - MAIN ENTRY--AUTHOR NAME | |
| Personal name | REETA SAHOO |
| 245 ## - TITLE STATEMENT | |
| Title | SARASWATI INFORMATICS PRACTICES |
| Remainder of title | PRACTICALS AND PROJECTS FOR CLASS XI |
| 260 ## - PUBLICATION, DISTRIBUTION, ETC. (IMPRINT) | |
| Place of publication | DELHI |
| Name of publisher | SARASWATI PUBLICATIONS |
| 300 ## - PHYSICAL DESCRIPTION | |
| Number of Pages | 138 |
| 650 ## - SUBJECT ADDED ENTRY--TOPICAL TERM | |
| Topical Term | IP PRACTICALS AND PROJECTS FOR CLASS XI |
| Geographic subdivision | INDIA |
| 942 ## - ADDED ENTRY ELEMENTS (KOHA) | |
| Koha item type | Books |
| Withdrawn status | Lost status | Collection code | Home library | Current library | Shelving location | Date acquired | Source of acquisition | Cost, normal purchase price | Full call number | Accession Number | Koha item type |
|---|---|---|---|---|---|---|---|---|---|---|---|
| Reference | Main Library | Main Library | SELF 11 E PLUS ONE INFORMATIC PRACTICE &COMMERCE | 18/05/2017 | purchase | 92.00 | 000 SAH/I | 07763 | Books |